| 000 | 00524nam a2200181Ia 4500 | ||
|---|---|---|---|
| 999 |
_c32247 _d32247 |
||
| 003 | OSt | ||
| 005 | 20200805132134.0 | ||
| 008 | 190216s9999||||xx |||||||||||||| ||und|| | ||
| 020 | _a9788130901183 | ||
| 040 | _coclc | ||
| 082 |
_a514.224 _bSOS/K |
||
| 100 |
_aSossinsky, Alexei _93987 |
||
| 245 | 0 |
_aKnots: _bMathematics With a Twist / _cAlexei Sossinsky |
|
| 260 |
_bViva Books, _aNew Delhi: _c2005. |
||
| 300 | _a127p | ||
| 650 | _aMathematics | ||
| 942 |
_cBK _2ddc _h514.224 _iSOS/K _k514.224 _mSOS/K |
||